Największe stadiony piłkarskie w Polsce - Statystyki

Ogólne statystyki
  • Ten quiz został rozwiązany 165 razy
  • Średni wynik to 18 z 20
Statystyki odpowiedzi
Pojemność Miasto Klub lub reprezentacja % Poprawnych
45 105 Wrocław Śląsk Wrocław
97%
42 837 Poznań Lech Poznań
96%
31 006 Warszawa Legia Warszawa
96%
21 163 Szczecin Pogoń Szczecin
96%
31 871 Zabrze Górnik Zabrze
95%
22 372 Białystok Jagiellonia Białystok
95%
33 130 Kraków Wisła Kraków
95%
15 550 Kielce Korona Kielce
94%
41 620 Gdańsk Lechia Gdańsk
94%
18 018 Łódź Widzew Łódź
94%
18 029 Łódź ŁKS Łódź
92%
15 139 Gdynia Arka Gdynia
91%
58 274 Warszawa Polska
91%
54 378 Chorzów Polska
91%
15 150 Tychy GKS Tychy
89%
20 559 Bydgoszcz Zawisza Bydgoszcz
88%
16 086 Lubin Zagłębie Lubin
87%
15 247 Lublin Motor Lublin
86%
15 016 Kraków Cracovia Kraków
85%
15 076 Bielsko-Biała Podbeskidzie Bielsko-Biała
79%
Nie znaleziono quizów pasujących do podanych kryteriów
Rozkład punktacji
Procent ludzi z każdym wynikiem
Percentyl według liczby udzielonych odpowiedzi
Twoja historia wyników
Nie rozwiązałeś tego quizu